| Tag |
First Indicator |
Second Indicator |
Subfields |
| LEADER |
00000cam a2200000 a 4500 |
| 001 |
in00000024044 |
| 005 |
20180407063452.0 |
| 008 |
880222s1988 nyuab 000 1 eng |
| 010 |
|
|
|a 88005818
|
| 019 |
|
|
|a 18431383
|a 18995728
|
| 020 |
|
|
|a 0399133453
|
| 035 |
|
|
|a (OCoLC)17618316
|
| 035 |
|
|
|9 AAB8744AM
|
| 040 |
|
|
|a DLC
|c DLC
|d OCL
|d UtOrBLW
|
| 043 |
|
|
|a n-us---
|
| 049 |
|
|
|a TXAG
|
| 050 |
0 |
0 |
|a PS3553.L245
|b C37 1988
|
| 082 |
0 |
0 |
|a 813/.54
|2 19
|
| 100 |
1 |
|
|a Clancy, Tom,
|d 1947-2013.
|
| 245 |
1 |
4 |
|a The cardinal of the Kremlin /
|c Tom Clancy.
|
| 264 |
|
1 |
|a New York :
|b Putnam,
|c [1988]
|
| 264 |
|
4 |
|c ©1988
|
| 300 |
|
|
|a 543 pages :
|b illustrations, map ;
|c 24 cm.
|
| 336 |
|
|
|a text
|b txt
|2 rdacontent
|
| 337 |
|
|
|a unmediated
|b n
|2 rdamedia
|
| 338 |
|
|
|a volume
|b nc
|2 rdacarrier
|
| 650 |
|
0 |
|a Ryan, Jack,
|c Sr. (Fictitious character)
|
| 650 |
|
0 |
|a Intelligence service
|z United States
|v Fiction.
|
| 655 |
|
7 |
|a Spy stories.
|2 gsafd
|
| 999 |
|
|
|a MARS
|
| 999 |
f |
f |
|s c35a9263-f4a2-38af-8203-6a0276972474
|i de5d0b2e-3ce2-3c0a-b147-19af965012d1
|t 0
|
| 952 |
f |
f |
|p normal
|a Texas A&M University
|b College Station
|c Sterling C. Evans Library
|d Evans: Curriculum Collection (4th floor)
|t 0
|e PS3553.L245 C37 1988
|h Library of Congress classification
|i unmediated -- volume
|m A14822304710
|
| 998 |
f |
f |
|a PS3553.L245 C37 1988
|t 0
|l Evans: Curriculum Collection (4th floor)
|